| 000 | 00531nam a2200193 a 4500 | ||
|---|---|---|---|
| 001 | 000025945 | ||
| 005 | 20200930024155.0 | ||
| 008 | 110224s1992 sp r 000 0 spa d | ||
| 020 | _a8460438953 | ||
| 040 |
_aDO-SdBNP _bspa _cBNPHU |
||
| 082 |
_aNNN _bE85m |
||
| 100 | 1 |
_aEtxeba, Carlos, _d1929- _941618 |
|
| 245 | 1 | 0 |
_aLas mujeres de Mahoma : _bcomedia / _cCarlos Etxeba. |
| 260 |
_aBilbao : _bPublicaciones Edertasuna, _c[1992?]. |
||
| 300 |
_a63 p. ; _c21 cm. |
||
| 490 | 1 | _aPoesía | |
| 830 | 0 |
_aPoesía _91183 |
|
| 049 | _aBNGR | ||
| 999 |
_c25437 _d25437 |
||